000 00600nam a22001817a 4500
003 UA-OsUOA
001 8063
007 ta
008 20040715b un ||||| |||| 00| 0 ukr d
100 _aМединська Ю.
942 _cSA
040 _aUA-OsUOA
_cUA-OsUOA
_dUA-OsUOA
245 _aКолективне несвідоме як глибинна детермінанта етнічного менталітету
300 _aС.50-117
955 _a0
773 0 _w0
_tПсихологія і суспільство
_dТернопіль
_d2004
_g№2
650 7 _aЕтнопсихологія
_2UDC
999 _c294224
_d294224